[Event "37th ECC Open 2022"]
[Site "Mayrhofen AUT"]
[Date "2022.10.04"]
[Round "2.4"]
[Board "2"]
[White "Saric, Ivan"]
[Black "Sulypa, Oleksandr"]
[Result "1-0"]
[WhiteTitle "GM"]
[BlackTitle "GM"]
[WhiteElo "2668"]
[BlackElo "2463"]
[WhiteTeam "TAJFUN - SK Ljubljana"]
[BlackTeam "Reykjavik Chess Club"]
[WhiteFideId "14508150"]
[BlackFideId "14100487"]
[EventDate "2022.10.03"]

1. e4 e5 2. Nf3 Nf6 3. d4 Nxe4 4. Bd3 d5 5. Nxe5 Nd7 6. Nc3 Nxc3 7. bxc3 Nxe5 8.
dxe5 Bc5 9. O-O O-O 10. Rb1 Re8 11. Re1 b6 12. h3 Bd7 13. Qh5 g6 14. Qf3 Qh4 15.
Be3 Bxe3 16. Rxe3 Qe7 17. Qxd5 Be6 18. Qf3 Bxa2 19. Ra1 Qe6 20. Qf4 Bd5 21. Qh6
Bc4 22. Ra4 b5 23. Bxc4 bxc4 24. Re4 Qd5 25. Rh4 Qxe5 26. Qxh7+ Kf8 27. Rhxc4
Rad8 28. Rf4 Rd1+ 29. Kh2 Qg7 30. Qxg7+ Kxg7 31. Rxa7 Re7 32. Rc4 Rd2 33. Kg3
Ree2 34. Rf4 Re7 35. Ra2 c5 36. Ra5 Rd5 37. h4 Rh5 38. Rg4 Rd5 39. c4 Rde5 40.
Rg5 Rxg5+ 41. hxg5 Re5 42. f4 Re3+ 43. Kg4 Rc3 44. Rxc5 Rxc2 45. Kf3 Kf8 46. Rc7
Rd2 47. c5 Rc2 48. c6 Rc4 49. g4 Rc1 50. f5 Rc4 51. Ke3 Kg7 52. Rc8 Rc1 53. Kd4
Rd1+ 54. Kc5 Rc1+ 55. Kd6 Rd1+ 56. Kc7 Rc1 57. Rd8 1-0

[Event "37th ECC Open 2022"]
[Site "Mayrhofen AUT"]
[Date "2022.10.04"]
[Round "2.4"]
[Board "3"]
[White "Petursson, Margeir"]
[Black "Nihal, Sarin"]
[Result "1/2-1/2"]
[WhiteTitle "GM"]
[BlackTitle "GM"]
[WhiteElo "2447"]
[BlackElo "2673"]
[WhiteTeam "Reykjavik Chess Club"]
[BlackTeam "TAJFUN - SK Ljubljana"]
[WhiteFideId "2300028"]
[BlackFideId "25092340"]
[EventDate "2022.10.03"]

1. c4 e5 2. g3 c6 3. Nf3 e4 4. Nd4 d5 5. cxd5 Qxd5 6. e3 Nf6 7. Bg2 Bg4 8. Qc2
Na6 9. a3 Nc5 10. Nc3 Qh5 11. h3 Bf3 12. Bxf3 exf3 13. b4 Ne6 14. Nf5 g6 15. g4
Qg5 16. Ng3 Bg7 17. Bb2 Qh4 18. Nce4 O-O 19. Nxf6+ Bxf6 20. Ne4 Bxb2 21. Qxb2
Rfd8 22. Rg1 Ng5 23. Qf6 Nxe4 24. Qxh4 Rxd2 25. Qe7 Re2+ 26. Kd1 Nxf2+ 27. Kc1
Nd3+ 28. Kd1 Nf2+ 29. Kc1 Nd3+ 30. Kd1 1/2-1/2

[Event "37th ECC Open 2022"]
[Site "Mayrhofen AUT"]
[Date "2022.10.04"]
[Round "2.4"]
[Board "4"]
[White "Volokitin, Andrei"]
[Black "Thorhallsson, Throstur"]
[Result "1-0"]
[WhiteTitle "GM"]
[BlackTitle "GM"]
[WhiteElo "2645"]
[BlackElo "2396"]
[WhiteTeam "TAJFUN - SK Ljubljana"]
[BlackTeam "Reykjavik Chess Club"]
[WhiteFideId "14107090"]
[BlackFideId "2300109"]
[EventDate "2022.10.03"]

1. e4 c5 2. Nf3 d6 3. d4 cxd4 4. Nxd4 Nf6 5. Nc3 Nc6 6. f3 e6 7. Be3 Be7 8. Qd2
O-O 9. O-O-O a6 10. g4 Nxd4 11. Bxd4 Nd7 12. h4 b5 13. g5 b4 14. Na4 Rb8 15. Kb1
Bb7 16. g6 fxg6 17. h5 Bg5 18. Qg2 Qe7 19. hxg6 h6 20. Bc4 Rbc8 21. Bb3 Bc6 22.
Nb6 Nxb6 23. Bxb6 Bf4 24. Rh5 Kh8 25. Bf2 Bb5 26. Bh4 Qe8 27. Qg4 Be2 28. Rg1 d5
29. Re1 Bc4 30. exd5 Bxb3 31. axb3 e5 32. Rf5 Qb5 33. Rxf8+ Rxf8 34. d6 Bd2 35.
Rh1 Be3 36. Be7 1-0

[Event "37th ECC Open 2022"]
[Site "Mayrhofen AUT"]
[Date "2022.10.04"]
[Round "2.4"]
[Board "5"]
[White "Johannesson, Ingvar Thor"]
[Black "Markus, Robert"]
[Result "0-1"]
[WhiteTitle "FM"]
[BlackTitle "GM"]
[WhiteElo "2319"]
[BlackElo "2615"]
[WhiteTeam "Reykjavik Chess Club"]
[BlackTeam "TAJFUN - SK Ljubljana"]
[WhiteFideId "2301490"]
[BlackFideId "921637"]
[EventDate "2022.10.03"]

1. d4 Nf6 2. Nf3 d6 3. c4 Nbd7 4. Nc3 e5 5. e4 g6 6. Be2 Bg7 7. O-O O-O 8. Re1
exd4 9. Nxd4 Re8 10. Bf1 c6 11. Bf4 Nc5 12. Qc2 Nfd7 13. Be3 a5 14. b3 Ne5 15.
h3 Qe7 16. Rad1 f6 17. f4 Nf7 18. Bf2 Qf8 19. g3 Nh6 20. Qd2 f5 21. exf5 Bxf5
22. Nxf5 Nxf5 23. Bg2 Ne6 24. Ne2 h5 25. g4 hxg4 26. hxg4 Nh6 27. Qxd6 Qf7 28.
f5 Nxg4 29. Bh4 gxf5 30. Nf4 Nf8 31. Nd5 Ng6 32. Ne7+ Nxe7 33. Bxe7 Be5 34. Rxe5
Nxe5 35. Bh4 Re6 36. Qc5 Qh5 37. Rd4 Nf3+ 38. Bxf3 Qxf3 0-1

[Event "37th ECC Open 2022"]
[Site "Mayrhofen AUT"]
[Date "2022.10.04"]
[Round "2.4"]
[Board "6"]
[White "Sebenik, Matej"]
[Black "Mai, Alexander Oliver"]
[Result "1-0"]
[WhiteTitle "GM"]
[WhiteElo "2518"]
[BlackElo "2183"]
[WhiteTeam "TAJFUN - SK Ljubljana"]
[BlackTeam "Reykjavik Chess Club"]
[WhiteFideId "14602296"]
[BlackFideId "2313391"]
[EventDate "2022.10.03"]

1. Nf3 d5 2. g3 c6 3. Bg2 Bg4 4. h3 Bh5 5. O-O Nd7 6. d4 e6 7. c4 Ngf6 8. cxd5
exd5 9. Ne5 Bg6 10. Nc3 Nxe5 11. dxe5 Ne4 12. Nxe4 dxe4 13. Qa4 Qd7 14. Kh2 c5
15. Qc4 Qd4 16. Qb5+ Qd7 17. a4 O-O-O 18. Bf4 Be7 19. Rfc1 Qd5 20. b4 b6 21.
bxc5 Bxc5 22. Rxc5+ bxc5 23. e6 fxe6 24. Rc1 1-0

[Event "37th ECC Open 2022"]
[Site "Mayrhofen AUT"]
[Date "2022.10.04"]
[Round "2.5"]
[Board "1"]
[White "Maghsoodloo, Parham"]
[Black "Mihok, Oliver"]
[Result "1-0"]
[WhiteTitle "GM"]
[BlackTitle "GM"]
[WhiteElo "2721"]
[BlackElo "2545"]
[WhiteTeam "Clichy-Echecs-92"]
[BlackTeam "KSK Rochade Eupen-Kelmis"]
[WhiteFideId "12539929"]
[BlackFideId "728012"]
[EventDate "2022.10.03"]

1. d4 Nf6 2. c4 g6 3. Nc3 Bg7 4. e4 d6 5. f3 O-O 6. Be3 a6 7. Nge2 b5 8. cxb5
axb5 9. Nxb5 c6 10. Nbc3 Nbd7 11. Nc1 e5 12. Be2 d5 13. exd5 Nxd5 14. Nxd5 cxd5
15. Nb3 Re8 16. O-O Qb6 17. Re1 Ra4 18. Bf2 exd4 19. Bf1 Rxe1 20. Qxe1 Nf8 21.
Qc1 Bf5 22. Nc5 Ra8 23. g4 Bc8 24. a4 Nd7 25. Nd3 Ba6 26. a5 Qd8 27. b4 Rc8 28.
Qd1 Qe7 29. Rb1 Bb5 30. Ne1 Rb8 31. Bxb5 Rxb5 32. Nc2 Ne5 33. Nxd4 Rxb4 34. a6
Bf8 35. Rxb4 Qxb4 36. a7 Qb7 37. Qa1 Qa8 38. Nb5 Nxf3+ 39. Kh1 Bd6 40. Nxd6 d4
41. Qa6 1-0

[Event "37th ECC Open 2022"]
[Site "Mayrhofen AUT"]
[Date "2022.10.04"]
[Round "2.5"]
[Board "2"]
[White "Nagy, Gabor1"]
[Black "Van Foreest, Jorden"]
[Result "1/2-1/2"]
[WhiteTitle "GM"]
[BlackTitle "GM"]
[WhiteElo "2488"]
[BlackElo "2694"]
[WhiteTeam "KSK Rochade Eupen-Kelmis"]
[BlackTeam "Clichy-Echecs-92"]
[WhiteFideId "737119"]
[BlackFideId "1039784"]
[EventDate "2022.10.03"]

1. c4 Nf6 2. Nc3 g6 3. g3 Bg7 4. Bg2 O-O 5. d4 d6 6. e3 Nc6 7. Nge2 e5 8. d5 Ne7
9. O-O h5 10. e4 c6 11. h3 Bd7 12. dxc6 Bxc6 13. Be3 b6 14. Qd2 Qd7 15. Rfd1 Qb7
16. Nd5 Nexd5 17. cxd5 Bd7 18. Qb4 Rfd8 19. a4 a5 20. Qd2 Rdc8 21. Nc3 Rc4 22.
b3 Rb4 23. Rdb1 Rc8 24. f3 h4 25. g4 Ne8 26. Na2 Rd4 27. Bxd4 exd4 28. Rc1 Ra8
29. f4 b5 30. Re1 bxa4 31. bxa4 Bxa4 32. Nc1 Bb5 33. e5 Qa7 34. Kh1 a4 35. Nd3
Qa5 36. Qxa5 1/2-1/2

[Event "37th ECC Open 2022"]
[Site "Mayrhofen AUT"]
[Date "2022.10.04"]
[Round "2.5"]
[Board "3"]
[White "Amin, Bassem"]
[Black "Glek, Igor"]
[Result "1-0"]
[WhiteTitle "GM"]
[BlackTitle "GM"]
[WhiteElo "2667"]
[BlackElo "2456"]
[WhiteTeam "Clichy-Echecs-92"]
[BlackTeam "KSK Rochade Eupen-Kelmis"]
[WhiteFideId "10601457"]
[BlackFideId "4100484"]
[EventDate "2022.10.03"]

1. e4 c5 2. Nf3 d6 3. g3 Nc6 4. Bg2 g6 5. O-O Bg7 6. d3 e5 7. a3 Nge7 8. c3 O-O
9. b4 d5 10. Nbd2 d4 11. cxd4 Nxd4 12. bxc5 Bg4 13. h3 Nxf3+ 14. Nxf3 Bxf3 15.
Bxf3 Nc6 16. Rb1 Qe7 17. Be3 Rad8 18. Qb3 Rd7 19. Bg4 Rc7 20. Rfc1 Rd8 21. h4
Nd4 22. Qa4 h5 23. Bd1 a6 24. Rb6 Kh7 25. Kg2 Bh6 26. Bxh6 Kxh6 27. Qb4 Kg7 28.
Ba4 Ne6 29. c6 Qxb4 30. axb4 bxc6 31. Rxa6 Rxd3 32. Raxc6 Ra7 33. Bb5 Rd2 34.
Bc4 Nd4 35. Rc5 Rb2 36. Bd5 Rxb4 37. Rc7 Rba4 38. Bxf7 Rxc7 39. Rxc7 Nb5 40. Rd7
Ra7 41. Rxa7 Nxa7 42. Be8 Nc8 43. f4 Nd6 44. Bc6 Kf6 45. Kf3 Nc4 46. Ke2 Nd6 47.
Kd3 Ke6 48. Ba4 Kf6 49. Bd7 Nf7 50. Be8 exf4 51. gxf4 Nd8 52. e5+ Kg7 53. Ke4
Ne6 54. Bxg6 1-0

[Event "37th ECC Open 2022"]
[Site "Mayrhofen AUT"]
[Date "2022.10.04"]
[Round "2.5"]
[Board "4"]
[White "Klein, Felix"]
[Black "Vocaturo, Daniele"]
[Result "1/2-1/2"]
[WhiteTitle "FM"]
[BlackTitle "GM"]
[WhiteElo "2275"]
[BlackElo "2615"]
[WhiteTeam "KSK Rochade Eupen-Kelmis"]
[BlackTeam "Clichy-Echecs-92"]
[WhiteFideId "24600458"]
[BlackFideId "813192"]
[EventDate "2022.10.03"]

1. d4 Nf6 2. c4 e6 3. Nf3 d5 4. Nc3 c6 5. e3 Nbd7 6. Qc2 Bd6 7. Bd3 O-O 8. O-O
dxc4 9. Bxc4 b5 10. Bd3 Bb7 11. e4 e5 12. h3 Re8 13. dxe5 Nxe5 14. Nxe5 Bxe5 15.
Be3 a6 16. Rfe1 Qe7 17. Ne2 Bd6 18. Nd4 g6 19. Nxc6 Bxc6 20. Qxc6 Rec8 21. Qb6
Bc7 22. Qd4 Ba5 23. Red1 Rd8 24. Qc5 Qe6 25. Rac1 Nxe4 26. Qa3 Rxd3 27. Rxd3 Bb6
28. Bxb6 Qxb6 29. Re3 Nd6 30. Qc5 Qxc5 31. Rxc5 Nc4 32. Re2 Rd8 33. a4 Rd1+ 34.
Kh2 Nd2 35. g3 Nf3+ 36. Kg2 Ne1+ 37. Rxe1 Rxe1 38. axb5 axb5 39. Rxb5 h5 40. h4
Kf8 41. Rb7 Kg7 42. b4 Rb1 43. Kf3 Rb2 44. Ke3 Kf6 45. b5 Ke6 46. b6 Kd5 47.
Rxf7 Rxb6 48. Re7 Kd6 49. Re4 Rb5 50. f3 Rf5 51. g4 hxg4 52. Rxg4 Rf6 53. Re4
Rf5 54. Rg4 Rf6 55. Rf4 Re6+ 56. Re4 Rf6 57. Kf2 Rf5 58. Kg3 Kd7 59. Kg4 Ra5 60.
f4 Ra1 61. Kg5 Rg1+ 62. Kf6 Rg4 63. Kf7 Kd6 64. Ra4 Kd5 65. Kf6 Kd6 66. Kg7 Ke6
67. Ra6+ Kf5 68. Rf6+ Ke4 69. Rxg6 Rxh4 70. Ra6 Rxf4 71. Ra4+ Kf3 72. Rxf4+ Kxf4 1/2-1/2

[Event "37th ECC Open 2022"]
[Site "Mayrhofen AUT"]
[Date "2022.10.04"]
[Round "2.5"]
[Board "5"]
[White "Van Wely, Loek"]
[Black "Coenen, Norbert"]
[Result "1-0"]
[WhiteTitle "GM"]
[BlackTitle "IM"]
[WhiteElo "2629"]
[BlackElo "2268"]
[WhiteTeam "Clichy-Echecs-92"]
[BlackTeam "KSK Rochade Eupen-Kelmis"]
[WhiteFideId "1000268"]
[BlackFideId "4619455"]
[EventDate "2022.10.03"]

1. Nf3 Nf6 2. d4 g6 3. Bg5 Bg7 4. Nbd2 d5 5. e3 Nbd7 6. Be2 O-O 7. O-O c5 8. c3
b6 9. a4 Bb7 10. a5 Bc6 11. Qb3 b5 12. dxc5 Nxc5 13. Qb4 Ne6 14. Nd4 Nxd4 15.
cxd4 h6 16. Bh4 a6 17. Rfc1 Bd7 18. Bg3 Rc8 19. Rxc8 Qxc8 20. Qxe7 Qc2 21. Qb4
Rc8 22. Bd6 Bf8 23. Bxf8 Rxf8 24. Bd1 Qd3 25. Ra3 Qf5 26. Rc3 Rc8 27. Rxc8+ Bxc8
28. Qc3 Bd7 29. f3 Qe6 30. Nb3 b4 31. Qd2 Bb5 32. Nc5 Qe7 33. Be2 Qe8 34. b3 Qc6
35. Kf2 Nd7 36. Qxb4 1-0

[Event "37th ECC Open 2022"]
[Site "Mayrhofen AUT"]
[Date "2022.10.04"]
[Round "2.5"]
[Board "6"]
[White "Meessen, Rudolf"]
[Black "Tregubov, Pavel V."]
[Result "0-1"]
[WhiteTitle "FM"]
[BlackTitle "GM"]
[WhiteElo "2162"]
[BlackElo "2548"]
[WhiteTeam "KSK Rochade Eupen-Kelmis"]
[BlackTeam "Clichy-Echecs-92"]
[WhiteFideId "202029"]
[BlackFideId "4115341"]
[EventDate "2022.10.03"]

1. d4 Nf6 2. Nc3 d5 3. Bf4 a6 4. e3 e6 5. g4 h6 6. h4 c5 7. Qf3 Nc6 8. O-O-O b5
9. g5 b4 10. Na4 Ne4 11. Ne2 cxd4 12. Nxd4 Nxd4 13. Rxd4 hxg5 14. hxg5 Rxh1 15.
Qxh1 Bd7 16. f3 Nxg5 17. Nb6 Qxb6 18. Bxg5 Rc8 19. Bd3 Bb5 20. Qh8 Bxd3 21. Rxd3
Qc7 22. Rd2 Qg3 23. Bf4 Qe1+ 24. Rd1 Qe2 25. Rd2 Qf1+ 26. Rd1 Qc4 27. Rd2 Qxa2
28. Kd1 Rc6 29. Be5 Qb1+ 30. Ke2 Qg1 31. f4 f6 32. Bd4 Kf7 33. c3 Rc7 34. Kf3
bxc3 35. bxc3 Rb7 36. Rg2 Qd1+ 37. Kg3 Rb1 38. Qh2 a5 39. Kh4 Qd3 40. Kg4 Qf5+
41. Kg3 Rf1 42. Rf2 Qg6+ 43. Kf3 Rh1 44. Qg2 Qh5+ 45. Kg3 Rh4 0-1

[Event "37th ECC Open 2022"]
[Site "Mayrhofen AUT"]
[Date "2022.10.04"]
[Round "2.6"]
[Board "1"]
[White "Ten Hertog, Hugo"]
[Black "Kryvoruchko, Yuriy"]
[Result "1-0"]
[WhiteTitle "GM"]
[BlackTitle "GM"]
[WhiteElo "2525"]
[BlackElo "2658"]
[WhiteTeam "Paul Keres"]
[BlackTeam "Schachclub Viernheim 1934e.V."]
[WhiteFideId "1026356"]
[BlackFideId "14109182"]
[EventDate "2022.10.03"]

1. c4 e6 2. e3 Nf6 3. b3 d5 4. Bb2 c5 5. Nf3 Nc6 6. cxd5 exd5 7. Bb5 Bd6 8. O-O
O-O 9. Nc3 Bg4 10. h3 Bh5 11. Be2 Qe7 12. Rc1 a6 13. Nh4 Bg6 14. Na4 Rad8 15.
Bxf6 gxf6 16. Bg4 Kh8 17. f4 d4 18. Nf5 Bxf5 19. Bxf5 Rg8 20. Qf3 dxe3 21. dxe3
Bb8 22. Nc3 Ba7 23. Kh1 Qf8 24. Rcd1 Ne7 25. Bc2 b5 26. Rxd8 Qxd8 27. Rd1 Qc8
28. Ne4 f5 29. Nd6 Qe6 30. Qh5 Qg6 31. Nxf7+ Kg7 32. Qxg6+ hxg6 33. Ne5 Bb8 34.
Rd7 Kf6 35. Nd3 Rc8 36. g4 Ke6 37. Rb7 Nd5 38. b4 cxb4 39. Bb3 Kd6 40. Rg7 Ne7
41. Rf7 a5 42. Rf6+ Kc7 43. Ne5 a4 44. Be6 Rd8 45. Nxg6 Rd1+ 46. Kg2 Nd5 47.
Rf7+ Kb6 48. Ne7 Nxe3+ 49. Kf3 Nc4 50. Rxf5 Rd3+ 51. Kf2 b3 52. axb3 axb3 53.
Rf6 Kc5 54. Bf5 Rxh3 55. g5 b2 56. g6 Ne3 57. g7 Ng4+ 58. Kg2 Rh2+ 59. Kg3 Nxf6
60. Kxh2 Bxf4+ 61. Kg2 1-0

[Event "37th ECC Open 2022"]
[Site "Mayrhofen AUT"]
[Date "2022.10.04"]
[Round "2.6"]
[Board "2"]
[White "Fedorchuk, Sergey A."]
[Black "Lombaers, Peter"]
[Result "1-0"]
[WhiteTitle "GM"]
[BlackTitle "FM"]
[WhiteElo "2619"]
[BlackElo "2351"]
[WhiteTeam "Schachclub Viernheim 1934e.V."]
[BlackTeam "Paul Keres"]
[WhiteFideId "14102536"]
[BlackFideId "1032852"]
[EventDate "2022.10.03"]

1. e4 c5 2. Nf3 Nc6 3. Bb5 g6 4. Bxc6 bxc6 5. O-O Bg7 6. Re1 Qc7 7. c3 d6 8. d4
cxd4 9. cxd4 Nf6 10. Nc3 O-O 11. Bf4 Nh5 12. Be3 Bg4 13. Rc1 Qb7 14. Na4 f5 15.
e5 f4 16. Bd2 dxe5 17. dxe5 Rad8 18. Qe2 Bxf3 19. gxf3 Rd5 20. Bc3 Rf5 21. Rcd1
Qc8 22. Rxd5 cxd5 23. Qb5 Rg5+ 24. Kh1 Qe6 25. Rd1 Qh3 26. Qxd5+ e6 27. Qa8+ Bf8
28. Rg1 Rf5 29. Nc5 Rf7 30. Nd3 Qf5 31. Nb4 Kg7 32. Nc6 Bc5 33. Nd4 Bxd4 34.
Bxd4 Qd3 35. Qe4 Qxe4 36. fxe4 Rd7 37. Bc5 Rd2 38. Bxa7 Rxb2 39. Ra1 f3 40. Be3
Kf7 41. a4 1-0

[Event "37th ECC Open 2022"]
[Site "Mayrhofen AUT"]
[Date "2022.10.04"]
[Round "2.6"]
[Board "3"]
[White "Kerigan, Demre"]
[Black "Wagner, Dennis"]
[Result "0-1"]
[WhiteTitle "IM"]
[BlackTitle "GM"]
[WhiteElo "2355"]
[BlackElo "2570"]
[WhiteTeam "Paul Keres"]
[BlackTeam "Schachclub Viernheim 1934e.V."]
[WhiteFideId "6307841"]
[BlackFideId "24650684"]
[EventDate "2022.10.03"]

1. e4 e5 2. Nf3 Nc6 3. Nc3 Nf6 4. g3 Bc5 5. Bg2 d6 6. d3 a5 7. O-O O-O 8. h3 a4
9. Nd5 Nxd5 10. exd5 Ne7 11. d4 exd4 12. Nxd4 Nf5 13. Nxf5 Bxf5 14. c3 Re8 15.
Bf4 Qd7 16. Kh2 Qb5 17. Qd2 Re2 18. Qd1 Qxb2 19. g4 Bg6 20. Bc1 Qc2 0-1

[Event "37th ECC Open 2022"]
[Site "Mayrhofen AUT"]
[Date "2022.10.04"]
[Round "2.6"]
[Board "4"]
[White "Maze, Sebastien"]
[Black "Ondersteijn, Niels"]
[Result "1-0"]
[WhiteTitle "GM"]
[BlackTitle "IM"]
[WhiteElo "2530"]
[BlackElo "2382"]
[WhiteTeam "Schachclub Viernheim 1934e.V."]
[BlackTeam "Paul Keres"]
[WhiteFideId "613762"]
[BlackFideId "1011162"]
[EventDate "2022.10.03"]

1. e4 d6 2. d4 Nf6 3. Nc3 g6 4. h3 Bg7 5. Be3 a6 6. g4 h5 7. g5 Nfd7 8. a4 e6 9.
f4 O-O 10. Nf3 Nc6 11. Be2 Re8 12. O-O d5 13. e5 Ne7 14. a5 Nf5 15. Bf2 Bf8 16.
Bd3 Nb8 17. Nb1 Bd7 18. Qe2 Nc6 19. c3 Na7 20. b3 Bb5 21. c4 Bc6 22. Rd1 Bb4 23.
Bxf5 exf5 24. Be1 Qe7 25. c5 Bb5 26. Qe3 Nc6 27. Bxb4 Nxb4 28. Na3 Bd7 29. Qc3
Nc6 30. b4 Nd8 31. e6 Nxe6 32. Re1 f6 33. gxf6 Qxf6 34. Qd2 Re7 35. Re5 Rae8 36.
Kh2 Nd8 37. Rg1 Nc6 38. Nc2 Rg7 39. Ne3 Nxe5 40. dxe5 Qe6 41. Ng5 Qc6 42. Nxd5
Kh8 43. Nf6 Rf8 44. Qd4 Be6 45. Rd1 Re7 46. Qc3 b6 47. axb6 cxb6 48. Rd6 Qa4 49.
Qd2 Qa2 50. Qxa2 Bxa2 51. Nd7 Rxd7 52. Rxd7 bxc5 53. bxc5 Bc4 54. c6 Bb5 55. Nh7
Bxc6 56. Nxf8 Bxd7 57. Nxd7 h4 58. Nc5 a5 59. Kg2 1-0

[Event "37th ECC Open 2022"]
[Site "Mayrhofen AUT"]
[Date "2022.10.04"]
[Round "2.6"]
[Board "5"]
[White "Okkes, Menno"]
[Black "Libiszewski, Fabien"]
[Result "0-1"]
[WhiteTitle "FM"]
[BlackTitle "GM"]
[WhiteElo "2328"]
[BlackElo "2512"]
[WhiteTeam "Paul Keres"]
[BlackTeam "Schachclub Viernheim 1934e.V."]
[WhiteFideId "1000756"]
[BlackFideId "616834"]
[EventDate "2022.10.03"]

1. Nf3 Nf6 2. c4 g6 3. Nc3 Bg7 4. e4 d6 5. d4 O-O 6. Be2 e5 7. O-O Bg4 8. Be3
Bxf3 9. Bxf3 exd4 10. Bxd4 Nc6 11. Be3 Re8 12. Qc2 Nd7 13. Rad1 Bxc3 14. Qxc3
Qf6 15. Qc1 Nc5 16. Bg5 Qe6 17. Rfe1 Ne5 18. Be2 Nxe4 19. Be3 a5 20. f3 Nc5 21.
Bf1 Qf5 22. Qc3 b6 23. b3 Re7 24. a3 Rae8 25. b4 axb4 26. axb4 Ne6 27. Bc1 h5
28. Bb2 h4 29. Re3 Qg5 30. Kh1 f5 31. Rde1 Kh7 32. Qc2 Nf4 33. c5 Nd5 34. Rb3 h3
35. cxd6 cxd6 36. Bc1 hxg2+ 37. Bxg2 Qh4 38. Rg1 Nf4 39. Bf1 Ne6 40. Qd1 Qd4 41.
Qc2 Rc7 42. Qb1 Rec8 43. Be3 Qh4 44. Bg2 Nd4 45. Bxd4 Qxd4 46. Qb2 Qf4 47. Qf2
Rc1 48. Rb1 Nd3 49. Qxb6 Rxb1 50. Rxb1 Rc1+ 51. Rxc1 Qxc1+ 52. Qg1 Nf2# 0-1

[Event "37th ECC Open 2022"]
[Site "Mayrhofen AUT"]
[Date "2022.10.04"]
[Round "2.6"]
[Board "6"]
[White "Tarlev, Konstantin"]
[Black "Rademakers, Evert"]
[Result "1-0"]
[WhiteTitle "GM"]
[BlackTitle "FM"]
[WhiteElo "2577"]
[BlackElo "2272"]
[WhiteTeam "Schachclub Viernheim 1934e.V."]
[BlackTeam "Paul Keres"]
[WhiteFideId "14114089"]
[BlackFideId "1025996"]
[EventDate "2022.10.03"]

1. d4 g6 2. e4 Bg7 3. c4 d6 4. Nc3 e5 5. d5 a5 6. Bd3 Na6 7. Nge2 Qh4 8. O-O Nf6
9. f3 Bh6 10. a3 O-O 11. b4 Bxc1 12. Qxc1 Nh5 13. c5 axb4 14. axb4 Nxb4 15. Rxa8
Nxd3 16. Qh6 Qe7 17. c6 bxc6 18. Rb1 c5 19. Rbb8 Qd7 20. Nb5 Nhf4 21. Nxf4 exf4
22. h4 c4 23. Na7 c3 24. Rxc8 Rxc8 25. Nxc8 c2 26. Ne7# 1-0

[Event "37th ECC Open 2022"]
[Site "Mayrhofen AUT"]
[Date "2022.10.04"]
[Round "2.7"]
[Board "2"]
[White "Roseneck, Jonas"]
[Black "Tari, Aryan"]
[Result "0-1"]
[WhiteTitle "FM"]
[BlackTitle "GM"]
[WhiteElo "2414"]
[BlackElo "2656"]
[WhiteTeam "Schachgesellschaft Solingen"]
[BlackTeam "Offerspill Chess Club"]
[WhiteFideId "12939870"]
[BlackFideId "1510045"]
[EventDate "2022.10.03"]

1. d4 Nf6 2. c4 e6 3. Nf3 d5 4. Nc3 Nbd7 5. cxd5 exd5 6. Bf4 Bb4 7. e3 Ne4 8.
Qc2 g5 9. Be5 Nxe5 10. Nxe5 c6 11. Bd3 f6 12. Nf3 Qe7 13. O-O Bf5 14. Ne1 Bxc3
15. bxc3 Qe6 16. c4 Nd6 17. cxd5 Qxd5 18. Bxf5 Qxf5 19. Qa4 h5 20. d5 Qxd5 21.
Rd1 Qc4 22. Qa5 b6 23. Qd2 O-O-O 24. Rc1 Qa4 25. Nf3 Kb7 26. Nd4 Nf5 27. Qc3
Nxd4 28. exd4 Rxd4 29. Rfe1 Rhd8 30. Qf3 R4d6 31. h3 R8d7 32. Qxh5 Qxa2 33. Qh8
Qb2 34. Rb1 Qc2 35. Ra1 b5 36. Re8 Rd1+ 37. Rxd1 Qxd1+ 38. Kh2 Qd6+ 39. g3 b4
40. Rf8 Qd4 41. Kg1 Qe5 42. Ra8 Rd1+ 43. Kh2 Rd2 0-1

[Event "37th ECC Open 2022"]
[Site "Mayrhofen AUT"]
[Date "2022.10.04"]
[Round "2.7"]
[Board "4"]
[White "Michalczak, Thomas"]
[Black "Christiansen, Johan-Sebastian"]
[Result "0-1"]
[WhiteTitle "FM"]
[BlackTitle "GM"]
[WhiteElo "2254"]
[BlackElo "2576"]
[WhiteTeam "Schachgesellschaft Solingen"]
[BlackTeam "Offerspill Chess Club"]
[WhiteFideId "4622634"]
[BlackFideId "1512668"]
[EventDate "2022.10.03"]

1. e4 e6 2. d4 d5 3. Nc3 Nf6 4. e5 Nfd7 5. f4 c5 6. Nf3 Nc6 7. Be3 Be7 8. a3 O-O
9. dxc5 Nxc5 10. b4 Nd7 11. Bd3 a6 12. h4 f5 13. g4 d4 14. gxf5 dxe3 15. Ng5
Ndxe5 16. fxe5 Nxe5 17. Qh5 Nxd3+ 18. cxd3 h6 19. Qg6 Bxg5 20. hxg5 Qxd3 21. Ne4
Qxe4 0-1

[Event "37th ECC Open 2022"]
[Site "Mayrhofen AUT"]
[Date "2022.10.04"]
[Round "2.7"]
[Board "5"]
[White "Urkedal, Frode Olav Olsen"]
[Black "Berg, Michael"]
[Result "1-0"]
[WhiteTitle "GM"]
[BlackTitle "FM"]
[WhiteElo "2523"]
[BlackElo "2313"]
[WhiteTeam "Offerspill Chess Club"]
[BlackTeam "Schachgesellschaft Solingen"]
[WhiteFideId "1506102"]
[BlackFideId "4605330"]
[EventDate "2022.10.03"]

1. d4 Nf6 2. c4 c5 3. d5 b5 4. cxb5 a6 5. e3 axb5 6. Bxb5 Qa5+ 7. Nc3 Bb7 8. Bd2
Qb6 9. a4 e6 10. e4 exd5 11. exd5 Nxd5 12. Nf3 Qe6+ 13. Ne2 Nc7 14. Ra3 Be7 15.
Re3 Qg4 16. Ng3 Nxb5 17. axb5 Bxf3 18. gxf3 Qg6 19. O-O d5 20. Rfe1 Ra7 21. Qe2
O-O 22. Rxe7 Rxe7 23. Qxe7 Qd3 24. Qe2 Qb3 25. Bf4 1-0

[Event "37th ECC Open 2022"]
[Site "Mayrhofen AUT"]
[Date "2022.10.04"]
[Round "2.7"]
[Board "6"]
[White "Wickenfeld, Stefan"]
[Black "Ranaldi, Lucas"]
[Result "1/2-1/2"]
[BlackTitle "FM"]
[WhiteElo "2173"]
[BlackElo "2369"]
[WhiteTeam "Schachgesellschaft Solingen"]
[BlackTeam "Offerspill Chess Club"]
[WhiteFideId "4622790"]
[BlackFideId "1519484"]
[EventDate "2022.10.03"]

1. e4 c6 2. d4 d5 3. Nc3 dxe4 4. Nxe4 Bf5 5. Ng3 Bg6 6. h4 h6 7. Nf3 Nd7 8. h5
Bh7 9. Bd3 Bxd3 10. Qxd3 e6 11. Bd2 Ngf6 12. O-O-O Be7 13. Kb1 Qb6 14. Ne4 Rd8
15. c4 O-O 16. Bc3 c5 17. Qe2 Nxe4 18. Qxe4 Bf6 19. Qe3 Qa6 20. g4 cxd4 21. Bxd4
e5 22. Bc3 e4 23. Nd2 Bxc3 24. Qxc3 Nc5 25. g5 hxg5 26. Qe5 Nd3 27. Qxg5 Qb6 28.
Nb3 Qf6 29. Qxf6 gxf6 30. Rd2 Kh7 31. a3 f5 32. Rhd1 Rde8 33. Nd4 Re5 34. f3 Nf4
35. fxe4 fxe4 36. Rf2 Nh3 37. Rf6 Rxh5 38. Ne6 Re8 39. Rd7 Kg8 40. Rdxf7 Rxe6
41. Rf8+ Kg7 42. R8f7+ Kg8 43. Rf8+ Kg7 44. R8f7+ 1/2-1/2